000 00402cam a2200157ua 4500
041 _aeng
_h
082 _a530
_bYAR/EL
100 _aYarwood, T M .
245 _aElementary physics part-2 /
_cT M Yarwood.
_hTextual Documents
250 _a1 /
_b.
260 _aMelbourne,London :
_bMacMillan and Company Limited ,
_c1962.
300 _a457 ; .
504 _a
942 _cBK
999 _c8824
_d8824